Hlavné úlohy vrcholového manažmentu pri tvorbe a implementácií pokročilých plánovacích systémov bakalárska práca

Enregistré dans:
Détails bibliographiques
Auteur principal: Slimák, Maroš
Collectivité auteur: Podnikovohospodárska fakulta EU so sídlom v Košiciach. Katedra manažmentu
Autres auteurs: Dugas, Jaroslav, 1967-
Format: Livre
Langue:slovaque
Publié: Košice 2012
Tags: Ajouter un tag
Pas de tags, Soyez le premier à ajouter un tag!

MARC

LEADER 00000nbm a2200000 4500
001 0155638
005 20161109111906.0
041 0 |a slo 
044 |a SK 
245 1 0 |a Hlavné úlohy vrcholového manažmentu pri tvorbe a implementácií pokročilých plánovacích systémov  |b bakalárska práca  |c Maroš Slimák ; školiteľ: Jaroslav Dugas 
264 1 |a Košice  |c 2012 
300 |a 35 s. 
100 1 |a Slimák, Maroš 
700 1 |a Dugas, Jaroslav, 1967- 
710 2 |a Podnikovohospodárska fakulta EU so sídlom v Košiciach. Katedra manažmentu